000 00267nam a22001097a 4500
008 170126b xxu||||| |||| 00| 0 eng d
020 _a0300043651
041 _aeng
080 _a61
245 _aDEATH DYING AND THE BIOLOGICAL REVOLUTION
_cVEATCH, R.M
942 _2udc
_cBK
999 _c3752
_d3752